00326nam a2200145Ia 4500100002100000650001200021250000600033490001100039654003000050245003500080260002900115082001600144300000800160546001200168 aPincus/ Marilyn  aGeneral a3 v01-Mar aProjecting positive image aProjecting a Positive image bBarronsaNew Yorkc1993 a650.14bPIN a105 aENGLISH